| 000 | 00735nam a2200205 a 4500 | ||
|---|---|---|---|
| 001 | 000043431 | ||
| 005 | 20201002040915.0 | ||
| 008 | 140314s1976 sp ac 001 0 spa d | ||
| 020 | _a8485170105 | ||
| 040 |
_aDO-SdBNP _bspa _cBNPHU |
||
| 082 |
_axxx _bxxx |
||
| 100 | 1 |
_aBarreiro Fernández, José Ramón, _d1936- _971096 |
|
| 245 | 1 | 3 |
_aEl carlismo gallego / _cJosé Ramón Barreiro Fernández. |
| 260 |
_aSantiago de Compostela : _bPico Sacro, _c1976. |
||
| 300 |
_a351 p. : _bil., retrs. ; _c19 cm. |
||
| 490 | 1 |
_aBiblioteca de bolsillo pico sacro _v7 |
|
| 500 | _aIncluye referencias bibliográficas y notas al pie de las páginas | ||
| 504 | _aBibliografía: p. 333-344 | ||
| 830 | 0 |
_aBiblioteca de bolsillo pico sacro ; _n7 _971097 |
|
| 999 |
_c42920 _d42920 |
||